| 000 | 00592nam a22001937a 4500 | ||
|---|---|---|---|
| 999 |
_c10968 _d10968 |
||
| 003 | AR-CdUCM | ||
| 008 | 190402b ||||| |||| 00| 0 spa d | ||
| 040 |
_aMUNICIPALIDAD PROVINCIAL DEL CUSCO _cBIBLIOTECA MUNICIPAL DEL CUSCO |
||
| 082 |
_a869.56 / _bW48A / 1935 |
||
| 100 |
_aWestphalen _928058 |
||
| 245 |
_aAbolición de la muerte : _bcon un dibujo de Cesar Moro / |
||
| 260 |
_aLima : _bPerú actual, _c1935. |
||
| 300 |
_a18 páginas : _c23 cm. |
||
| 505 | _aContenido: Poesía | ||
| 650 |
_aPoesías peruanas _91481 |
||
| 650 |
_aSiglo XX. _98 |
||
| 942 |
_2ddc _cLIBROS |
||
| 945 | _aacv | ||